| 000 -LEADER |
| fixed length control field |
00900nam a2200301 a 4500 |
| 001 - CONTROL NUMBER |
| control field |
015529806 |
| 003 - CONTROL NUMBER IDENTIFIER |
| control field |
UkOxU |
| 005 - DATE AND TIME OF LATEST TRANSACTION |
| control field |
20230911160305.0 |
| 008 - FIXED-LENGTH DATA ELEMENTS--GENERAL INFORMATION |
| fixed length control field |
040126s2003 enka 000 0beng d |
| 015 ## - NATIONAL BIBLIOGRAPHY NUMBER |
| National bibliography number |
GB A3-X8175 |
| 020 ## - INTERNATIONAL STANDARD BOOK NUMBER |
| International Standard Book Number |
0224064401 |
| 020 ## - INTERNATIONAL STANDARD BOOK NUMBER |
| International Standard Book Number |
9780224064408 |
| 035 ## - SYSTEM CONTROL NUMBER |
| System control number |
BNB2777.476 |
| 035 ## - SYSTEM CONTROL NUMBER |
| System control number |
(UkOxU)UkOxUw12093816 |
| 035 ## - SYSTEM CONTROL NUMBER |
| System control number |
(OCoLC)56442822 |
| 040 ## - CATALOGING SOURCE |
| Original cataloging agency |
BDS |
| Transcribing agency |
KH8 |
| 041 1# - LANGUAGE CODE |
| Language code of text/sound track or separate title |
eng |
| Language code of original |
fre |
| 082 0# - DEWEY DECIMAL CLASSIFICATION NUMBER |
| Classification number |
955.054 SAT |
| Edition number |
21 |
| 100 1# - MAIN ENTRY--PERSONAL NAME |
| Personal name |
Satrapi, Marjane, |
| Dates associated with a name |
1969- |
| Relator term |
author. |
| 240 10 - UNIFORM TITLE |
| Uniform title |
Persepolis. |
| Language of a work |
English |
| 245 10 - TITLE STATEMENT |
| Title |
Persepolis : |
| Remainder of title |
The Story of an Iranian Childhood / |
| Statement of responsibility, etc. |
Marjane Satrapi. |
| 260 ## - PUBLICATION, DISTRIBUTION, ETC. |
| Place of publication, distribution, etc. |
London : |
| Name of publisher, distributor, etc. |
Jonathan Cape, |
| Date of publication, distribution, etc. |
2003. |
| 300 ## - PHYSICAL DESCRIPTION |
| Extent |
153 p. : |
| Other physical details |
ill. ; |
| Dimensions |
24 cm. |
| 500 ## - GENERAL NOTE |
| General note |
Translated from the French. |
| 600 10 - SUBJECT ADDED ENTRY--PERSONAL NAME |
| Personal name |
Satrapi, Marjane, |
| Dates associated with a name |
1969- |
| General subdivision |
Childhood and youth. |
| 651 #0 - SUBJECT ADDED ENTRY--GEOGRAPHIC NAME |
| Geographic name |
Iran |
| General subdivision |
History |
| Chronological subdivision |
1979-1997 |
| Form subdivision |
Comic books, strips, etc. |
| 942 ## - ADDED ENTRY ELEMENTS (KOHA) |
| Source of classification or shelving scheme |
|
| Koha item type |
Teaching Resources |